[Event "CHN-ch Rapid/Blitz 4th"]
[Site "Shaoxing"]
[Date "2025.07.13"]
[Round "1.1"]
[White "Huang, Renjie"]
[Black "Xie, Kaifan"]
[Result "1-0"]
[WhiteElo "2495"]
[BlackElo "2445"]
[PlyCount "103"]
[EventDate "2025.07.13"]
[EventType "k.o. (rapid)"]
[EventRounds "5"]
[EventCountry "CHN"]
[SourceTitle "CB29_2025"]
[SourceDate "2025.07.16"]
[SourceVersion "1"]
[SourceVersionDate "2025.07.16"]
[SourceQuality "1"]

1. e4 c6 2. d4 d5 3. e5 Bf5 4. Nf3 e6 5. Be2 c5 6. Be3 Qb6 7. 0-0 Qxb2 8. c4 Ne7 9. Nbd2 Nbc6 10. Nb3 dxc4 11. Bxc4 Rd8 12. Nxc5 Nd5 13. Nd3 Qa3 14. Bxd5 Rxd5 15. Nf4 Rd7 16. Nh4 Bb4 17. Nxf5 exf5 18. e6 fxe6 19. Qh5+ Kd8 20. Nxe6+ Kc8 21. Qxf5 g6 22. Qh3 Qa5 23. Rfd1 Kb8 24. Bf4+ Bd6 25. Nc5 Rdd8 26. Bxd6+ Rxd6 27. Qg3 Qc7 28. Rab1 Na5 29. Rdc1 Rc8 30. Na6+ Rxa6 31. Rxc7 Rxc7 32. Re1 b5 33. d5 Nc4 34. h4 Rd6 35. Qg5 Rcd7 36. Re8+ Kb7 37. Qf4 Rxd5 38. Rb8+ Ka6 39. a4 Nb6 40. axb5+ Kxb5 41. Kh2 Rd4 42. Qe5+ R7d5 43. Qe2+ Kb4 44. Qb2+ Kc4 45. Qa2+ Kd3 46. Qxa7 Nc4 47. Qxh7 Ne5 48. f3 Ke3 49. Qh6+ Kf2 50. Rb2+ Kf1 51. Qc1+ Rd1 52. Qe3 1-0

[Event "CHN-ch Rapid/Blitz 4th"]
[Site "Shaoxing"]
[Date "2025.07.13"]
[Round "1.4"]
[White "Xie, Kaifan"]
[Black "Huang, Renjie"]
[Result "1/2-1/2"]
[WhiteElo "2445"]
[BlackElo "2495"]
[PlyCount "124"]
[EventDate "2025.07.13"]
[EventType "k.o. (rapid)"]
[EventRounds "5"]
[EventCountry "CHN"]
[SourceTitle "CB29_2025"]
[SourceDate "2025.07.16"]
[SourceVersion "1"]
[SourceVersionDate "2025.07.16"]
[SourceQuality "1"]

1. d4 d5 2. Nf3 Nf6 3. c4 dxc4 4. Qa4+ c6 5. Qxc4 Bf5 6. Nc3 e6 7. g3 Be7 8. Bg2 0-0 9. 0-0 Ne4 10. Ne5 Nxc3 11. bxc3 Nd7 12. Nxd7 Qxd7 13. e4 Bg6 14. f4 f6 15. Be3 Kh8 16. Rab1 Rac8 17. Bh3 Bxe4 18. Bxe6 Qc7 19. Bxc8 Bxb1 20. Bh3 Be4 21. Be6 f5 22. d5 Qd6 23. dxc6 bxc6 24. Bd4 c5 25. Be5 Qd2 26. Rf2 Qd1+ 27. Qf1 Rd8 28. c4 Qa4 29. Rb2 h6 30. Bd5 Bxd5 31. cxd5 Rxd5 32. Qh3 Qd1+ 33. Qf1 Bf6 34. Bxf6 gxf6 35. Qxd1 Rxd1+ 36. Kg2 Kg7 37. Rb7+ Kg6 38. Rxa7 Rd2+ 39. Kh3 c4 40. a4 c3 41. Rc7 Ra2 42. Rxc3 Rxa4 43. Kh4 Ra2 44. h3 Ra8 45. Rc7 h5 46. Rd7 Rb8 47. Rd5 Ra8 48. Rd6 Rb8 49. Rd5 Ra8 50. g4 hxg4 51. hxg4 Rh8+ 52. Kg3 fxg4 53. Kxg4 f5+ 54. Kg3 Rf8 55. Kf3 Rf6 56. Re5 Ra6 57. Kg3 Ra3+ 58. Kf2 Kh5 59. Rxf5+ Kg4 60. Rf8 Rf3+ 61. Ke2 Rxf4 62. Rxf4+ Kxf4 1/2-1/2

[Event "CHN-ch"]
[Site "Xinghua"]
[Date "2025.06.28"]
[Round "6"]
[White "Xie, Kaifan"]
[Black "Chen, Yuan1"]
[Result "1-0"]
[WhiteElo "2446"]
[BlackElo "2298"]
[PlyCount "131"]
[EventDate "2025.06.23"]
[EventType "swiss"]
[EventRounds "11"]
[EventCountry "CHN"]
[SourceTitle "CB28_2025"]
[SourceDate "2025.07.09"]
[SourceVersion "1"]
[SourceVersionDate "2025.07.09"]
[SourceQuality "1"]

1. d4 d5 2. Nf3 e6 3. c4 dxc4 4. Nc3 a6 5. e3 c5 6. Bxc4 b5 7. Be2 Bb7 8. 0-0 Nf6 9. dxc5 Qxd1 10. Rxd1 Bxc5 11. Nd2 Nbd7 12. Nb3 Bb6 13. a4 b4 14. a5 bxc3 15. axb6 Bd5 16. Na5 c2 17. Rd2 Nxb6 18. f3 e5 19. e4 Be6 20. Rxc2 0-0 21. Nc6 Nfd7 22. Be3 Bb3 23. Rc3 Ba4 24. Bxb6 Nxb6 25. Nxe5 g6 26. Nc4 Nxc4 27. Rxa4 Nb6 28. Ra5 Rfd8 29. Rc2 Rd4 30. Kf2 Rb4 31. Ke1 Rb8 32. Rxa6 Nd7 33. Rd6 Nf8 34. Rdd2 g5 35. Bc4 Ng6 36. b3 R4b7 37. Kf2 Kg7 38. Rd5 h6 39. Rcd2 Rb6 40. g3 Ra8 41. Rb5 Rf6 42. Rbd5 Re8 43. Rd6 g4 44. Rxf6 Kxf6 45. Bd5 gxf3 46. Kxf3 Rb8 47. Ke3 Ne5 48. Rf2+ Ke7 49. Rf5 f6 50. Rh5 Kf8 51. Kd4 Kg7 52. Rf5 Ng4 53. h3 Ne5 54. Rf2 h5 55. Rb2 Rb4+ 56. Kc3 Rb5 57. b4 f5 58. Kd4 Nf3+ 59. Kc4 Rb8 60. exf5 Ne5+ 61. Kd4 Kf6 62. b5 Nd7 63. Be6 Nb6 64. Rb4 Rg8 65. Kc5 Na8 66. Bxg8 1-0

[Event "CHN-ch"]
[Site "Xinghua"]
[Date "2025.06.26"]
[Round "4"]
[White "Xie, Kaifan"]
[Black "Li, Bo"]
[Result "1-0"]
[WhiteElo "2446"]
[BlackElo "2240"]
[PlyCount "101"]
[EventDate "2025.06.23"]
[EventType "swiss"]
[EventRounds "11"]
[EventCountry "CHN"]
[SourceTitle "CB28_2025"]
[SourceDate "2025.07.09"]
[SourceVersion "1"]
[SourceVersionDate "2025.07.09"]
[SourceQuality "1"]

1. d4 d5 2. c4 dxc4 3. e4 Nf6 4. e5 Nd5 5. Bxc4 Nb6 6. Bd3 Nc6 7. Ne2 Be6 8. Nbc3 Qd7 9. 0-0 Bf5 10. Bxf5 Qxf5 11. d5 Nxe5 12. Qd4 e6 13. dxe6 Bc5 14. exf7+ Kxf7 15. Qe4 Qxe4 16. Nxe4 Be7 17. Bf4 Nd3 18. Bxc7 Nxb2 19. Nd4 Rhc8 20. Bd6 Rc4 21. Bxe7 Kxe7 22. Nf5+ Kf8 23. Ng5 Kg8 24. Ne7+ Kf8 25. Nf5 Kg8 26. Rae1 Rf8 27. Ne7+ Kh8 28. Re3 Rh4 29. Nf7+ Rxf7 30. Nf5 h6 31. Nxh4 Nd5 32. Rf3 Rc7 33. Re1 Kh7 34. h3 Nc4 35. Rf8 Nf6 36. Rd1 Ne5 37. Ra8 a6 38. Nf5 Kg6 39. Ne3 Kf7 40. Rad8 Rc5 41. R8d6 Rb5 42. R6d2 Rc5 43. Rc2 Rb5 44. Rc7+ Kg6 45. f4 Nc6 46. Rd6 h5 47. g4 hxg4 48. hxg4 Rb1+ 49. Kg2 Rb2+ 50. Kf3 Rb4 51. Nf5 1-0

[Event "Dongtai Rebecca Cup op"]
[Site "Dongtai"]
[Date "2025.06.22"]
[Round "9"]
[White "Xie, Kaifan"]
[Black "Peng, Hongchi"]
[Result "1/2-1/2"]
[WhiteElo "2446"]
[BlackElo "2399"]
[PlyCount "61"]
[EventDate "2025.06.17"]
[EventType "swiss"]
[EventRounds "9"]
[EventCountry "CHN"]
[SourceTitle "CB26_2025"]
[SourceDate "2025.06.25"]
[SourceVersion "1"]
[SourceVersionDate "2025.06.25"]
[SourceQuality "1"]

1. d4 Nf6 2. c4 e6 3. Nf3 b6 4. g3 Ba6 5. Qb3 Bb7 6. Nc3 d5 7. Bg2 Be7 8. 0-0 0-0 9. Rd1 Nbd7 10. Ne5 c6 11. Bf4 Nxe5 12. Bxe5 Ba6 13. cxd5 cxd5 14. e4 Bc4 15. Qc2 Rc8 16. b3 Ba6 17. Bxf6 gxf6 18. Qb2 dxe4 19. d5 f5 20. dxe6 Bd3 21. Bf1 fxe6 22. Bxd3 exd3 23. Qd2 Bb4 24. Rac1 Rf7 25. Qe3 f4 26. gxf4 Qf6 27. Ne4 Qg6+ 28. Kf1 Rcf8 29. Rxd3 Rxf4 30. Rc4 Ba3 31. Qxf4 1/2-1/2

[Event "Dongtai Rebecca Cup op"]
[Site "Dongtai"]
[Date "2025.06.17"]
[Round "2"]
[White "Gong, Sunle"]
[Black "Xie, Kaifan"]
[Result "1/2-1/2"]
[WhiteElo "2347"]
[BlackElo "2446"]
[PlyCount "108"]
[EventDate "2025.06.17"]
[EventType "swiss"]
[EventRounds "9"]
[EventCountry "CHN"]
[SourceTitle "CB26_2025"]
[SourceDate "2025.06.25"]
[SourceVersion "1"]
[SourceVersionDate "2025.06.25"]
[SourceQuality "1"]

1. d4 Nf6 2. c4 e6 3. Nc3 Bb4 4. a3 Bxc3+ 5. bxc3 Nc6 6. f3 b6 7. e4 Na5 8. c5 bxc5 9. Qa4 Nb7 10. Bg5 h6 11. Bh4 cxd4 12. cxd4 c5 13. Rc1 cxd4 14. e5 g5 15. Bf2 Nd5 16. Ne2 d3 17. Nd4 0-0 18. Bxd3 Nf4 19. Be4 f5 20. exf6 Qxf6 21. 0-0 d5 22. Bb1 e5 23. Rfe1 Nd6 24. Rc7 Bh3 25. Nc6 Rae8 26. Qc2 Bf5 27. Qc5 Bxb1 28. Rxb1 e4 29. Bd4 Ne2+ 30. Kh1 Nxd4 31. Nxd4 exf3 32. Qxd5+ Kh8 33. Nxf3 g4 34. Nd2 g3 35. Qd3 Nf5 36. Nf3 Rd8 37. Qc4 gxh2 38. Qc3 Qxc3 39. Rxc3 Nd4 40. Ne5 Rf5 41. Ng6+ Kg7 42. Nh4 Rh5 43. Rh3 Rd7 44. Kxh2 Rg5 45. Rb4 Nc6 46. Rf4 Ne7 47. Nf3 Ng6 48. Ra4 Rgd5 49. Rg3 Kh7 50. Ra6 R5d6 51. Ra4 Rd5 52. Re4 Re7 53. Rb4 Ne5 54. Nxe5 Rdxe5 1/2-1/2

[Event "Dongtai Rebecca Cup op"]
[Site "Dongtai"]
[Date "2025.06.17"]
[Round "3"]
[White "Xie, Kaifan"]
[Black "Zhang, Di"]
[Result "1/2-1/2"]
[WhiteElo "2446"]
[BlackElo "2446"]
[PlyCount "60"]
[EventDate "2025.06.17"]
[EventType "swiss"]
[EventRounds "9"]
[EventCountry "CHN"]
[SourceTitle "CB26_2025"]
[SourceDate "2025.06.25"]
[SourceVersion "1"]
[SourceVersionDate "2025.06.25"]
[SourceQuality "1"]

1. d4 Nf6 2. c4 g6 3. Nc3 d5 4. Bf4 Bg7 5. e3 0-0 6. cxd5 Nxd5 7. Nxd5 Qxd5 8. Bxc7 Na6 9. Bxa6 Qxg2 10. Qf3 Qxf3 11. Nxf3 bxa6 12. Rc1 f6 13. Rg1 Rf7 14. Nd2 Bb7 15. Bg3 e5 16. dxe5 fxe5 17. Ke2 Rd8 18. Rgd1 g5 19. Ke1 Rfd7 20. Nc4 Rxd1+ 21. Rxd1 Rxd1+ 22. Kxd1 e4 23. Bb8 g4 24. b3 Bd5 25. Ne5 Bxe5 26. Bxe5 a5 27. Bb8 a6 28. Bc7 a4 29. bxa4 Bxa2 30. Ke1 Kf7 1/2-1/2

[Event "CHN-chT"]
[Site "Hebei"]
[Date "2025.04.28"]
[Round "4.3"]
[White "Chen, Zhi"]
[Black "Xie, Kaifan"]
[Result "1/2-1/2"]
[WhiteElo "2094"]
[BlackElo "2435"]
[PlyCount "73"]
[EventDate "2025.04.25"]
[EventType "team-swiss"]
[EventRounds "9"]
[EventCountry "CHN"]
[SourceTitle "CB20_2025"]
[SourceDate "2025.05.14"]
[SourceVersion "1"]
[SourceVersionDate "2025.05.14"]
[SourceQuality "1"]
[WhiteTeam "Zhejiang"]
[BlackTeam "Hangzhou"]
[WhiteTeamCountry "CHN"]
[BlackTeamCountry "CHN"]

1. e4 e5 2. Nf3 Nc6 3. Nc3 Nf6 4. h3 Bb4 5. Bd3 0-0 6. 0-0 Re8 7. Re1 a5 8. Nd5 h6 9. c3 Bc5 10. Bc2 Ba7 11. d3 d6 12. Be3 Nxd5 13. exd5 Bxe3 14. dxc6 Bb6 15. d4 exd4 16. Qd3 g6 17. Nxd4 bxc6 18. Qc4 Qd7 19. Qxc6 Qxc6 20. Nxc6 Bd7 21. Ne7+ Kg7 22. Nd5 Rxe1+ 23. Rxe1 Rb8 24. b3 Be6 25. Nf4 Kf6 26. Be4 Bd7 27. Nd5+ Kg7 28. Bf3 Kf8 29. Nf6 Rd8 30. Nxd7+ Rxd7 31. Bd5 c6 32. Bxc6 Rc7 33. Re8+ Kg7 34. Bd5 Rxc3 35. Re7 Rc1+ 36. Kh2 Rc7 37. Rxc7 1/2-1/2

[Event "China zt 3.5"]
[Site "Jiangxi"]
[Date "2025.03.29"]
[Round "8"]
[White "Nie, Xinyang"]
[Black "Xie, Kaifan"]
[Result "1-0"]
[WhiteElo "2373"]
[BlackElo "2419"]
[PlyCount "95"]
[EventDate "2025.03.22"]
[EventType "swiss"]
[EventRounds "9"]
[EventCountry "CHN"]
[SourceTitle "CB14_2025"]
[SourceDate "2024.11.01"]
[SourceVersion "1"]
[SourceVersionDate "2024.11.01"]
[SourceQuality "1"]

1. c4 Nf6 2. Nc3 e5 3. Nf3 Nc6 4. g3 Bb4 5. Nd5 Bc5 6. Bg2 d6 7. 0-0 0-0 8. e3 Re8 9. b3 e4 10. Ne1 Nxd5 11. cxd5 Nb4 12. d3 Qf6 13. Rb1 Nxd5 14. Bb2 Qh6 15. Bxe4 Nf6 16. Bf3 c6 17. Rc1 Bb6 18. Rc4 d5 19. Rh4 Qg6 20. Ng2 Bc7 21. Nf4 Qg5 22. Ng2 Be5 23. Bc1 Qg6 24. Be2 Bc7 25. f4 h5 26. h3 Qxg3 27. Rf3 Qg6 28. Kf2 Bb6 29. Rg3 Qf5 30. Kf1 Bd8 31. Bxh5 Nxh5 32. Rxh5 Qf6 33. Qc2 Qa1 34. e4 b6 35. Ne1 Qf6 36. e5 Qe6 37. d4 Ba6+ 38. Kg2 Kf8 39. Ba3+ c5 40. dxc5 g6 41. c6+ Be7 42. f5 Qxe5 43. Nf3 Qe4 44. Qc1 Bxa3 45. f6 Qe2+ 46. Kh1 Qd1+ 47. Qxd1 gxh5 48. Qd2 1-0

[Event "China zt 3.5"]
[Site "Jiangxi"]
[Date "2025.03.28"]
[Round "7"]
[White "Xie, Kaifan"]
[Black "Xu, Yinglun"]
[Result "1/2-1/2"]
[WhiteElo "2419"]
[BlackElo "2522"]
[PlyCount "53"]
[EventDate "2025.03.22"]
[EventType "swiss"]
[EventRounds "9"]
[EventCountry "CHN"]
[SourceTitle "CB14_2025"]
[SourceDate "2024.11.01"]
[SourceVersion "1"]
[SourceVersionDate "2024.11.01"]
[SourceQuality "1"]

1. d4 Nf6 2. c4 e6 3. Nc3 Bb4 4. Qc2 0-0 5. e4 d5 6. e5 Ne4 7. Bd3 c5 8. Nf3 cxd4 9. Nxd4 Nd7 10. Bf4 Qh4 11. g3 Qh5 12. 0-0 Bxc3 13. bxc3 g5 14. cxd5 exd5 15. e6 gxf4 16. exd7 Bxd7 17. Bxe4 dxe4 18. Qxe4 fxg3 19. fxg3 b6 20. Nf5 Rae8 21. Qd5 Bxf5 22. Rxf5 Qh6 23. Raf1 Qe3+ 24. R1f2 Qe1+ 25. Rf1 Qe3+ 26. R1f2 Qe1+ 27. Rf1 1/2-1/2

[Event "China zt 3.5"]
[Site "Jiangxi"]
[Date "2025.03.24"]
[Round "3"]
[White "Xie, Kaifan"]
[Black "Lou, Yiping"]
[Result "1/2-1/2"]
[WhiteElo "2419"]
[BlackElo "2464"]
[PlyCount "53"]
[EventDate "2025.03.22"]
[EventType "swiss"]
[EventRounds "9"]
[EventCountry "CHN"]
[SourceTitle "CB14_2025"]
[SourceDate "2024.11.01"]
[SourceVersion "1"]
[SourceVersionDate "2024.11.01"]
[SourceQuality "1"]

1. d4 Nf6 2. c4 e6 3. Nc3 Bb4 4. Qc2 d5 5. cxd5 exd5 6. Bg5 h6 7. Bh4 0-0 8. e3 c5 9. dxc5 Be6 10. Nf3 Nbd7 11. Nd4 Rc8 12. c6 Nc5 13. cxb7 Nxb7 14. Bd3 Bxc3+ 15. bxc3 Nc5 16. 0-0 Bd7 17. Rfc1 g5 18. Bg3 Nce4 19. c4 Qe7 20. Rab1 h5 21. Nf3 dxc4 22. Bxe4 Qxe4 23. Qc3 Nd5 24. Qa5 f6 25. Qxa7 Bf5 26. Rb7 Ra8 27. Qc5 1/2-1/2

[Event "China zt 3.5"]
[Site "Jiangxi"]
[Date "2025.03.22"]
[Round "1"]
[White "Xie, Kaifan"]
[Black "Shen, Fuyan"]
[Result "1-0"]
[WhiteElo "2419"]
[BlackElo "2112"]
[PlyCount "82"]
[EventDate "2025.03.22"]
[EventType "swiss"]
[EventRounds "9"]
[EventCountry "CHN"]
[SourceTitle "CB14_2025"]
[SourceDate "2024.11.01"]
[SourceVersion "1"]
[SourceVersionDate "2024.11.01"]
[SourceQuality "1"]

1. d4 d5 2. c4 c6 3. Nf3 Nf6 4. Nc3 dxc4 5. a4 Bf5 6. Ne5 Nbd7 7. Nxc4 Qc7 8. g3 e5 9. dxe5 Nxe5 10. Bf4 Nfd7 11. Qc1 f6 12. Bg2 Be6 13. Nxe5 fxe5 14. Be3 Nc5 15. Qc2 Bb3 16. Qb1 Bf7 17. Bxc5 Bxc5 18. 0-0 a5 19. Be4 g6 20. Bd3 0-0-0 21. Ne4 Be7 22. Qc2 Rd4 23. b3 Bd5 24. e3 Rb4 25. Nd2 Kb8 26. Bc4 Rf8 27. Rac1 Qb6 28. Rfd1 Rd8 29. Qc3 Bf6 30. e4 Bxc4 31. Nxc4 Qc5 32. Rxd8+ Bxd8 33. Rd1 Bb6 34. Rd2 Bc7 35. Qf3 Qe7 36. Rd3 Bb6 37. Kg2 Bc7 38. Qg4 Bb6 39. h4 Qf7 40. Rf3 Qe7 41. h5 gxh5 1-0

[Event "Cannes op 38th"]
[Site "Cannes"]
[Date "2025.02.27"]
[Round "6"]
[White "Xie, Kaifan"]
[Black "Iniyan, Panneerseluam"]
[Result "1/2-1/2"]
[WhiteElo "2394"]
[BlackElo "2523"]
[PlyCount "44"]
[EventDate "2025.02.24"]
[EventType "swiss"]
[EventRounds "9"]
[EventCountry "FRA"]
[SourceTitle "CB10_2025"]
[SourceDate "2025.03.05"]
[SourceVersion "1"]
[SourceVersionDate "2025.03.05"]
[SourceQuality "1"]

1. d4 Nf6 2. c4 e6 3. Nc3 Bb4 4. Qc2 c5 5. dxc5 Bxc5 6. Nf3 Nc6 7. Bg5 Qa5 8. Bd2 Qc7 9. e3 b6 10. a3 Bb7 11. Bd3 Ne5 12. Nxe5 Qxe5 13. 0-0-0 Ng4 14. Be4 d5 15. Qa4+ Kf8 16. cxd5 Nxf2 17. Qd7 Nxe4 18. Qxb7 Re8 19. Kb1 a5 20. Rhf1 Re7 21. Qc8+ Re8 22. Qb7 Re7 1/2-1/2

[Event "Lienz op 22nd"]
[Site "Lienz"]
[Date "2025.02.15"]
[Round "9"]
[White "Petkidis, Anthony"]
[Black "Xie, Kaifan"]
[Result "1/2-1/2"]
[WhiteElo "2452"]
[BlackElo "2394"]
[PlyCount "66"]
[EventDate "2025.02.08"]
[EventType "swiss"]
[EventRounds "9"]
[EventCountry "AUT"]
[SourceTitle "CB08_2025"]
[SourceDate "2025.02.19"]
[SourceVersion "1"]
[SourceVersionDate "2025.02.19"]
[SourceQuality "1"]

1. e4 e5 2. Nf3 Nc6 3. Nc3 Nf6 4. d4 exd4 5. Nxd4 Bb4 6. Nxc6 bxc6 7. Bd3 d5 8. exd5 0-0 9. 0-0 cxd5 10. h3 c6 11. Qf3 Bd6 12. Re1 Bd7 13. b3 Re8 14. Bb2 Qc7 15. Na4 Be5 16. Rxe5 Rxe5 17. Qg3 Rae8 18. Bxe5 Rxe5 19. Nc5 Bc8 20. Bf1 Nh5 21. Qh2 Re7 22. Qxc7 Rxc7 23. c4 Nf4 24. b4 Be6 25. Rc1 Kf8 26. cxd5 Bxd5 27. g3 Ng6 28. a3 h5 29. Na4 h4 30. Nc3 Bf3 31. Bg2 Bxg2 32. Kxg2 hxg3 33. fxg3 Ne5 1/2-1/2

[Event "Lienz op 22nd"]
[Site "Lienz"]
[Date "2025.02.14"]
[Round "8"]
[White "Chen, Qi B"]
[Black "Xie, Kaifan"]
[Result "1/2-1/2"]
[WhiteElo "2478"]
[BlackElo "2394"]
[PlyCount "41"]
[EventDate "2025.02.08"]
[EventType "swiss"]
[EventRounds "9"]
[EventCountry "AUT"]
[SourceTitle "CB08_2025"]
[SourceDate "2025.02.19"]
[SourceVersion "1"]
[SourceVersionDate "2025.02.19"]
[SourceQuality "1"]

1. e4 e5 2. Nf3 Nc6 3. Bb5 Nf6 4. 0-0 Nxe4 5. Re1 Nd6 6. Nxe5 Be7 7. Bf1 Nxe5 8. Rxe5 0-0 9. d4 Bf6 10. Re1 Re8 11. c3 Rxe1 12. Qxe1 Ne8 13. Bf4 d5 14. Nd2 c6 15. Qe3 g6 16. Re1 Ng7 17. Nf3 Bf5 18. h3 h5 19. Be5 Ne6 20. Bd3 Bxd3 21. Qxd3 1/2-1/2

[Event "Lienz op 22nd"]
[Site "Lienz"]
[Date "2025.02.10"]
[Round "4"]
[White "Xie, Kaifan"]
[Black "Wan, Yunguo"]
[Result "1/2-1/2"]
[WhiteElo "2394"]
[BlackElo "2493"]
[PlyCount "35"]
[EventDate "2025.02.08"]
[EventType "swiss"]
[EventRounds "9"]
[EventCountry "AUT"]
[SourceTitle "CB08_2025"]
[SourceDate "2025.02.19"]
[SourceVersion "1"]
[SourceVersionDate "2025.02.19"]
[SourceQuality "1"]

1. d4 Nf6 2. c4 e6 3. Nf3 d5 4. Nc3 Bb4 5. Bg5 h6 6. Bxf6 Qxf6 7. Qb3 c5 8. cxd5 exd5 9. dxc5 Bxc3+ 10. Qxc3 Qxc3+ 11. bxc3 Be6 12. Rb1 Nd7 13. Rxb7 Nxc5 14. Rc7 Na6 15. Rc6 Nb8 16. Rc7 Na6 17. Rc6 Nb8 18. Rc7 1/2-1/2

[Event "CHN-ch Blitz"]
[Site "Hohhot"]
[Date "2024.11.14"]
[Round "9"]
[White "Xie, Kaifan"]
[Black "Huang, Renjie"]
[Result "0-1"]
[WhiteElo "2197"]
[BlackElo "2380"]
[PlyCount "50"]
[EventDate "2024.11.13"]
[EventType "swiss (blitz)"]
[EventRounds "9"]
[EventCountry "CHN"]
[SourceTitle "CB49_2024"]
[SourceDate "2024.12.04"]
[SourceVersion "1"]
[SourceVersionDate "2024.12.04"]
[SourceQuality "1"]

1. d4 d5 2. c4 dxc4 3. Nf3 Nc6 4. e4 Bg4 5. Be3 Nf6 6. Nc3 e5 7. d5 Bxf3 8. gxf3 Nb8 9. Bxc4 g6 10. d6 Bxd6 11. Qb3 0-0 12. Bh6 Nc6 13. Bxf8 Nd4 14. Qd1 Qxf8 15. Qd3 Qh6 16. a3 Qf4 17. Ne2 Nxf3+ 18. Kd1 Qg4 19. Kc2 Bc5 20. h3 Qg2 21. Bxf7+ Kg7 22. Bb3 Nxe4 23. Qxe4 Ne1+ 24. Raxe1 Qxe4+ 25. Kc1 Bxf2 0-1

[Event "CHN-ch Rapid"]
[Site "Hohhot"]
[Date "2024.11.13"]
[Round "9"]
[White "Peng, Xiongjian"]
[Black "Xie, Kaifan"]
[Result "1/2-1/2"]
[WhiteElo "2399"]
[BlackElo "1984"]
[PlyCount "162"]
[EventDate "2024.11.12"]
[EventType "swiss (rapid)"]
[EventRounds "9"]
[EventCountry "CHN"]
[SourceTitle "CB49_2024"]
[SourceDate "2024.12.04"]
[SourceVersion "1"]
[SourceVersionDate "2024.12.04"]
[SourceQuality "1"]

1. d4 Nf6 2. Bg5 d5 3. Nd2 c5 4. Bxf6 gxf6 5. dxc5 e6 6. e3 Bxc5 7. Ngf3 Nc6 8. Be2 0-0 9. 0-0 f5 10. c4 dxc4 11. Nxc4 Qxd1 12. Rfxd1 Be7 13. Nfe5 Nxe5 14. Nxe5 Rd8 15. f4 f6 16. Nf3 Bd7 17. Bc4 Kf8 18. Rxd7 Rxd7 19. Bxe6 Rd3 20. Rc1 Rxe3 21. Bxf5 Bd6 22. Kf2 Rae8 23. Kg3 Re2 24. Rd1 Bc7 25. Bxh7 R8e7 26. Bg6 Rxb2 27. Nh4 Rxa2 28. Kg4 Rf2 29. g3 Rxh2 30. Nf5 Rhh7 31. Nxe7 Rxe7 32. Kf5 Kg7 33. Rh1 Bd8 34. Rh7+ Kg8 35. Rh1 Kg7 36. Rh7+ Kg8 37. Rh1 Kg7 38. Rd1 Bc7 39. Bh5 a5 40. Bf3 a4 41. Rd3 Bb8 42. Rd8 Bc7 43. Ra8 b5 44. Bc6 Bd6 45. Bxb5 a3 46. Bc4 Rc7 47. Bd5 Bf8 48. Ra6 Be7 49. Ra8 Bf8 50. g4 Rd7 51. Be6 Rc7 52. Ke4 Rb7 53. Bd5 Re7+ 54. Kf5 Rd7 55. Ba2 Rc7 56. Ke6 Re7+ 57. Kf5 Rc7 58. Ra6 Rc5+ 59. Ke6 Rc7 60. Bd5 Re7+ 61. Kf5 Rd7 62. Ba2 Rc7 63. g5 Rc5+ 64. Kg4 fxg5 65. f5 Rc2 66. f6+ Kh6 67. Bd5 Rd2 68. Bb3 Rf2 69. f7+ Kg7 70. Kxg5 Be7+ 71. Kh5 Rh2+ 72. Kg4 Rb2 73. Bd5 Rd2 74. Bb3 Rb2 75. Be6 Rd2 76. Ra7 Kf6 77. Bb3 Rd3 78. Ba2 Rd2 79. Bb3 Rd3 80. Ba2 Rd2 81. Bb3 Rd3 1/2-1/2

[Event "CHN-ch Rapid"]
[Site "Hohhot"]
[Date "2024.11.12"]
[Round "5"]
[White "Du, Chunhui"]
[Black "Xie, Kaifan"]
[Result "1/2-1/2"]
[WhiteElo "2390"]
[BlackElo "1984"]
[PlyCount "150"]
[EventDate "2024.11.12"]
[EventType "swiss (rapid)"]
[EventRounds "9"]
[EventCountry "CHN"]
[SourceTitle "CB49_2024"]
[SourceDate "2024.12.04"]
[SourceVersion "1"]
[SourceVersionDate "2024.12.04"]
[SourceQuality "1"]

1. e4 e5 2. Nf3 Nc6 3. d4 exd4 4. Nxd4 Nf6 5. Nc3 Bb4 6. Nxc6 bxc6 7. Bd3 d5 8. exd5 0-0 9. 0-0 cxd5 10. h3 c6 11. Qf3 Re8 12. Bf4 Be6 13. Rad1 Bd6 14. Ne2 Rb8 15. b3 a5 16. Rfe1 Bxf4 17. Nxf4 Qd6 18. Qg3 Bd7 19. c4 Rxe1+ 20. Rxe1 Qb4 21. Re2 h6 22. Re5 Re8 23. Rxe8+ Bxe8 24. Qe3 Bd7 25. Qe5 a4 26. cxd5 axb3 27. axb3 Qxb3 28. d6 Qb8 29. Bc4 Qb1+ 30. Kh2 Qe4 31. Qxe4 Nxe4 32. Nd3 Nxd6 33. Bb3 Kf8 34. Kg3 Ke7 35. Nc5 Bc8 36. Kf3 Nb7 37. Nd3 Be6 38. Ba4 Bd5+ 39. Ke3 Bxg2 40. Nf4 Nc5 41. Nxg2 Nxa4 42. Kd4 Kd6 43. Ne3 c5+ 44. Kd3 g6 45. Kc2 Nb6 46. Kd3 h5 47. f4 Nd5 48. Nc4+ Ke6 49. Ke4 Nc3+ 50. Kd3 Nb5 51. Ne3 Nd6 52. Kc3 Nf5 53. Nc4 Kd5 54. Kd3 Nd6 55. Ne3+ Kc6 56. Kc3 Kb5 57. Nd5 c4 58. Kd4 Nf5+ 59. Ke5 Kc5 60. Nc3 Nd6 61. Na4+ Kc6 62. Kd4 Kb5 63. Nc3+ Kb4 64. Nd5+ Kb3 65. Ke5 Ne8 66. Kd4 f6 67. Nc3 Nd6 68. Ne2 Nf5+ 69. Kd5 c3 70. Nxc3 Kxc3 71. Ke6 Kd3 72. Kxf6 h4 73. Kxg6 Ke4 74. Kg5 Ng7 75. Kxh4 Kxf4 1/2-1/2

[Event "CHN-ch Rapid"]
[Site "Hohhot"]
[Date "2024.11.12"]
[Round "3"]
[White "Xie, Kaifan"]
[Black "Lan, Zilun"]
[Result "1-0"]
[WhiteElo "1984"]
[BlackElo "2346"]
[PlyCount "65"]
[EventDate "2024.11.12"]
[EventType "swiss (rapid)"]
[EventRounds "9"]
[EventCountry "CHN"]
[SourceTitle "CB49_2024"]
[SourceDate "2024.12.04"]
[SourceVersion "1"]
[SourceVersionDate "2024.12.04"]
[SourceQuality "1"]

1. d4 e6 2. c4 b6 3. e4 Bb4+ 4. Bd2 Bxd2+ 5. Qxd2 d5 6. Bd3 Ba6 7. cxd5 Bxd3 8. Qxd3 exd5 9. e5 Qg5 10. Ne2 Qxg2 11. Rg1 Qxh2 12. Nbc3 Ne7 13. Nb5 Kd7 14. Rxg7 Nbc6 15. Qf3 Rag8 16. Rg3 Qh6 17. Nbc3 Nb4 18. Rc1 Rxg3 19. fxg3 c6 20. Nf4 Rg8 21. Nce2 Na6 22. Qa3 Nc7 23. Qxa7 Ng6 24. Qxb6 Nxf4 25. gxf4 Rg2 26. Rc3 Qg6 27. f5 Qh6 28. e6+ Nxe6 29. Qxc6+ Ke7 30. fxe6 fxe6 31. Qc7+ Ke8 32. Qb8+ Kf7 33. Rf3+ 1-0

[Event "Abu Dhabi op-A 30th"]
[Site "Abu Dhabi"]
[Date "2024.08.23"]
[Round "8"]
[White "Xiao, Tong"]
[Black "Xie, Kaifan"]
[Result "1/2-1/2"]
[WhiteElo "2506"]
[BlackElo "2391"]
[PlyCount "107"]
[EventDate "2024.08.15"]
[EventType "swiss"]
[EventRounds "9"]
[EventCountry "UAE"]
[SourceTitle "EXT 2025"]
[Source "ChessBase"]
[SourceDate "2024.10.14"]
[SourceVersion "1"]
[SourceVersionDate "2024.10.14"]
[SourceQuality "1"]

1. e4 c6 2. d4 d5 3. e5 Bf5 4. Nf3 e6 5. Be2 c5 6. Be3 Qb6 7. c4 Qxb2 8. Nbd2 Ne7 9. 0-0 Nbc6 10. Nb3 dxc4 11. Bxc4 Rd8 12. Nxc5 Nd5 13. Bxd5 Rxd5 14. Nd3 Qa3 15. Nf4 Rd7 16. Rc1 Bb4 17. Nh4 0-0 18. Nxf5 exf5 19. Rb1 a5 20. g4 Nxe5 21. gxf5 Nc4 22. Qe2 Nxe3 23. fxe3 Be7 24. Rb3 Qd6 25. Qg4 Bf6 26. Rfb1 Qe7 27. Nh5 Rd6 28. Qg3 Rd7 29. Qf3 Bg5 30. Kh1 a4 31. Rd3 g6 32. Rg1 Rd6 33. Ng3 Re8 34. e4 Qd7 35. fxg6 Rxg6 36. e5 Be7 37. Nf5 Bf8 38. Rdd1 Qe6 39. Nh4 Rxg1+ 40. Rxg1+ Kh8 41. Nf5 f6 42. Qg2 Qf7 43. exf6 Re6 44. Ne7 Bxe7 45. fxe7 Rxe7 46. d5 Re5 47. Rc1 Qg6 48. Rc8+ Kg7 49. Rc7+ Kf8 50. Qxg6 hxg6 51. d6 Ke8 52. Rxb7 Re1+ 53. Kg2 Re2+ 54. Kg3 1/2-1/2